[Event "FIDE Womens World Cup 2021"]
[Site "Sochi"]
[Date "2021.07.12"]
[Round "1.32"]
[White "Aulia, Medina Warda"]
[Black "Schneider, Jana"]
[Result "1-0"]
[WhiteElo "2360"]
[BlackElo "2353"]
[Annotator "NA"]
[PlyCount "107"]
[EventDate "2021.07.12"]
[EventType "k.o."]
[EventCountry "RUS"]
[SourceTitle "playchess.com"]
[Source "ChessBase"]
[SourceQuality "1"]
[TimeControl "40/5400+30:1800+30"]

1. e4 {[%emt 0:00:03]} e5 {[%emt 0:00:08]} 2. Nf3 {[%emt 0:00:06]} Nc6 {[%emt 0:00:06]} 3. Bc4 {[%emt 0:00:08]} Bc5 {[%emt 0:00:09]} 4. O-O {[%emt 0:00:10]} Nf6 $11 {[%emt 0:00:25]} 5. d3 {[%emt 0:00:06]} d6 {[%emt 0:00:40]} 6. c3 {[%emt 0:00:20]} a6 {[%emt 0:00:17]} 7. Bb3 {[%emt 0:04:05]} Ba7 {[%emt 0:00:47]} 8. Nbd2 {[%emt 0:00:21]} O-O {[%emt 0:01:45]} 9. Re1 {[%emt 0:00:59]} Ng4 {[%emt 0:01:48]} 10. Re2 {[%emt 0:00:20]} Kh8 {[%emt 0:01:14]} 11. h3 {[%emt 0:01:04]} Nh6 {[%emt 0:00:12]} 12. Nf1 {[%emt 0:03:55]} f5 {[%emt 0:05:53]} 13. d4 {[%emt 0:08:14]} fxe4 {[%emt 0:16:22]} 14. Rxe4 {[%emt 0:00:27]} Qf6 {[%emt 0:06:33]} 15. Ng3 {[%emt 0:15:04]} Nf5 {[%emt 0:11:07]} 16. Bg5 {[%emt 0:04:46]} Qg6 {[%emt 0:00:34]} 17. Rg4 {[%emt 0:00:44]} Qe8 {[%emt 0:17:53]} 18. Bc2 {[%emt 0:11:44]} Nxg3 {[%emt 0:06:37]} 19. Rxg3 {[%emt 0:00:05]} Bf5 {[%emt 0:00:48]} 20. Bxf5 {[%emt 0:05:42]} Rxf5 {[%emt 0:00:06]} 21. Be3 {[%emt 0:00:07]} exd4 {[%emt 0:02:31]} 22. cxd4 {[%emt 0:00:13]} Ne7 {[%emt 0:06:17]} 23. Qd3 {[%emt 0:05:28]} Qb5 {[%emt 0:02:34]} 24. Qe4 {[%emt 0:01:25]} Ng6 {[%emt 0:03:06]} 25. Ne5 {[%emt 0:06:16]} Ne7 {[%emt 0:04:23]} 26. Nf3 {[%emt 0:08:49]} Ng6 {[%emt 0:00:32]} 27. Rc1 {[%emt 0:01:02]} Re8 {[%emt 0:03:32]} 28. Qc2 {[%emt 0:00:43]} c6 {[%emt 0:01:15]} 29. Ne5 {[%emt 0:08:01]} Ne7 {[%emt 0:03:31]} 30. Nf3 {[%emt 0:08:32]} Ref8 {[%emt 0:00:28]} 31. Re1 {[%emt 0:01:07]} Nd5 {[%emt 0:01:33]} 32. Bh6 {[%emt 0:01:33]} g6 {[%emt 0:02:09]} 33. Bxf8 {[%emt 0:00:49]} Rxf8 {[%emt 0:00:02]} 34. Qe4 {[%emt 0:02:09]} Qxb2 {[%emt 0:00:53]} 35. Qh4 {[%emt 0:00:41]} Qc2 {[%emt 0:00:30]} 36. Re4 {[%emt 0:01:49]} Qc1+ {[%emt 0:00:52]} 37. Kh2 {[%emt 0:00:08]} Bb6 {[%emt 0:00:52]} 38. Ng5 {[%emt 0:01:26]} Nf6 {[%emt 0:00:23]} 39. Re7 {[%emt 0:00:18]} h5 {[%emt 0:00:14]} 40. Ne6 {[%emt 0:00:13]} Qh6 {[%emt 0:00:53]} 41. Nxf8 {[%emt 0:30:22]} Qxf8 {[%emt 0:30:12]} 42. Re6 {[%emt 0:00:51]} Bd8 {[%emt 0:00:43]} 43. Qf4 {[%emt 0:00:09]} Kg7 {[%emt 0:00:00]} 44. Rf3 {[%emt 0:00:00]} Be7 {[%emt 0:00:00]} 45. Qe3 {[%emt 0:00:00]} Bd8 {[%emt 0:00:00]} 46. Kg1 {[%emt 0:00:00]} d5 {[%emt 0:00:00]} 47. Qe5 {[%emt 0:00:00]} h4 {[%emt 0:00:00]} 48. g4 {[%emt 0:00:00]} hxg3 {[%emt 0:00:00]} 49. fxg3 {[%emt 0:00:00]} Qf7 {[%emt 0:00:00]} 50. g4 {[%emt 0:00:00]} g5 {[%emt 0:00:00]} 51. h4 {[%emt 0:00:00]} gxh4 {[%emt 0:00:00]} 52. g5 {[%emt 0:00:00]} Qg6 {[%emt 0:00:00]} 53. Rexf6 {[%emt 0:00:00]} Bxf6 {[%emt 0:00:00]} 54. Rxf6 {[%emt 0:00:00]} 1-0

[Event "FIDE Womens World Cup 2021"]
[Site "Sochi"]
[Date "2021.07.12"]
[Round "1.33"]
[White "Afonasieva, Anna"]
[Black "Peng, Zhaoqin"]
[Result "0-1"]
[WhiteElo "2243"]
[BlackElo "2358"]
[Annotator "NA"]
[PlyCount "100"]
[EventDate "2021.07.12"]
[EventType "k.o."]
[EventCountry "RUS"]
[SourceTitle "playchess.com"]
[Source "ChessBase"]
[SourceQuality "1"]
[TimeControl "40/5400+30:1800+30"]

1. d4 {[%emt 0:00:04]} d5 {[%emt 0:00:06]} 2. Bf4 {[%emt 0:00:06]} e6 {[%emt 0:01:15]} 3. e3 {[%emt 0:00:15]} Nf6 {[%emt 0:00:47]} 4. Nd2 {[%emt 0:00:43]} Bd6 {[%emt 0:01:00]} 5. Bg3 {[%emt 0:00:17]} O-O {[%emt 0:00:28]} 6. Ngf3 {[%emt 0:01:01]} c5 {[%emt 0:00:10]} 7. c3 {[%emt 0:00:22]} Qc7 {[%emt 0:00:24]} 8. dxc5 {[%emt 0:01:00]} Bxg3 {[%emt 0:01:37]} 9. hxg3 {[%emt 0:00:08]} Qxc5 {[%emt 0:00:03]} 10. Bd3 {[%emt 0:00:27]} h6 {[%emt 0:00:11]} 11. Qe2 {[%emt 0:04:16]} Nc6 {[%emt 0:02:38]} 12. Rd1 {[%emt 0:02:06]} Qb6 {[%emt 0:06:52]} 13. Nb3 {[%emt 0:23:10]} e5 {[%emt 0:02:18]} 14. e4 {[%emt 0:07:32]} Bg4 {[%emt 0:15:18]} 15. O-O {[%emt 0:04:34]} Rae8 {[%emt 0:14:36]} 16. Rfe1 {[%emt 0:03:54]} Kh8 {[%emt 0:05:12]} 17. exd5 {[%emt 0:13:18]} e4 {[%emt 0:03:30]} 18. dxc6 {[%emt 0:05:24]} exf3 {[%emt 0:00:19]} 19. Qd2 {[%emt 0:00:58]} fxg2 {[%emt 0:00:37]} 20. Rxe8 {[%emt 0:01:13]} Rxe8 {[%emt 0:00:04]} 21. Re1 {[%emt 0:00:23]} Rxe1+ {[%emt 0:05:50]} 22. Qxe1 {[%emt 0:00:04]} Qxc6 {[%emt 0:00:07]} 23. Qe5 {[%emt 0:11:38]} Qf3 {[%emt 0:09:48]} 24. Bc2 {[%emt 0:00:30]} Be6 {[%emt 0:11:58]} 25. Nd2 {[%emt 0:08:32]} Qxf2+ {[%emt 0:01:10]} 26. Kxf2 {[%emt 0:00:13]} Ng4+ {[%emt 0:00:03]} 27. Kxg2 {[%emt 0:00:12]} Nxe5 {[%emt 0:00:02]} 28. a4 {[%emt 0:01:47]} g5 {[%emt 0:03:22]} 29. Kf2 {[%emt 0:00:25]} Kg7 {[%emt 0:02:48]} 30. Ke3 {[%emt 0:00:40]} f5 {[%emt 0:01:55]} 31. Kd4 {[%emt 0:00:36]} Kf6 {[%emt 0:00:31]} 32. c4 {[%emt 0:04:19]} h5 {[%emt 0:05:03]} 33. Bd1 {[%emt 0:00:50]} g4 {[%emt 0:00:53]} 34. c5 {[%emt 0:00:40]} Nc6+ {[%emt 0:01:41]} 35. Ke3 {[%emt 0:00:42]} Ke5 {[%emt 0:00:34]} 36. Be2 {[%emt 0:01:44]} a5 {[%emt 0:02:20]} 37. Nc4+ {[%emt 0:01:53]} Bxc4 {[%emt 0:02:02]} 38. Bxc4 {[%emt 0:00:03]} Nb4 {[%emt 0:01:13]} 39. Bb5 {[%emt 0:01:49]} Nd5+ {[%emt 0:00:18]} 40. Kf2 {[%emt 0:00:57]} f4 {[%emt 0:00:17]} 41. gxf4+ {[%emt 0:30:55]} Kxf4 {[%emt 0:30:31]} 42. Bd7 {[%emt 0:00:39]} Nb4 {[%emt 0:00:47]} 43. Ke2 {[%emt 0:00:53]} Na6 {[%emt 0:00:25]} 44. c6 {[%emt 0:00:07]} bxc6 {[%emt 0:00:05]} 45. Bxc6 {[%emt 0:00:05]} Nc5 {[%emt 0:00:31]} 46. Kf1 {[%emt 0:00:00]} Kg3 {[%emt 0:00:00]} 47. Kg1 {[%emt 0:00:00]} h4 {[%emt 0:00:00]} 48. Bb5 {[%emt 0:00:00]} h3 {[%emt 0:00:00]} 49. Bc6 {[%emt 0:00:00]} h2+ {[%emt 0:00:00]} 50. Kh1 {[%emt 0:00:00]} Nd3 {[%emt 0:00:00]} 0-1

[Event "FIDE Womens World Cup 2021"]
[Site "Sochi"]
[Date "2021.07.12"]
[Round "1.34"]
[White "Abrahamyan, Tatev"]
[Black "Radeva, Viktoria"]
[Result "1-0"]
[WhiteElo "2352"]
[BlackElo "2335"]
[Annotator "NA"]
[PlyCount "73"]
[EventDate "2021.07.12"]
[EventType "k.o."]
[EventCountry "RUS"]
[SourceTitle "playchess.com"]
[Source "ChessBase"]
[SourceQuality "1"]
[TimeControl "40/5400+30:1800+30"]

1. e4 {[%emt 0:00:04]} c5 {[%emt 0:00:06]} 2. Nf3 {[%emt 0:00:05]} e6 {[%emt 0:00:05]} 3. d4 {[%emt 0:00:04]} cxd4 {[%emt 0:00:04]} 4. Nxd4 {[%emt 0:00:04]} a6 {[%emt 0:00:05]} 5. Nc3 {[%emt 0:00:16]} Qc7 {[%emt 0:00:14]} 6. Bd3 {[%emt 0:00:48]} Nf6 {[%emt 0:00:11]} 7. f4 {[%emt 0:00:38]} d6 {[%emt 0:00:32]} 8. Qf3 {[%emt 0:00:13]} b5 {[%emt 0:01:55]} 9. g4 {[%emt 0:00:24]} Nc6 {[%emt 0:00:46]} 10. Nxc6 {[%emt 0:24:44]} Qxc6 {[%emt 0:00:08]} 11. g5 {[%emt 0:00:03]} Nd7 {[%emt 0:00:12]} 12. Be3 {[%emt 0:00:06]} Bb7 {[%emt 0:02:10]} 13. a3 {[%emt 0:01:13]} h6 {[%emt 0:01:29]} 14. g6 {[%emt 0:12:45]} f5 {[%emt 0:00:36]} 15. Qh3 {[%emt 0:02:56]} Be7 {[%emt 0:03:08]} 16. O-O-O {[%emt 0:09:03]} Bf6 {[%emt 0:01:25]} 17. Bd2 {[%emt 0:06:36]} Nc5 {[%emt 0:06:50]} 18. Rhe1 {[%emt 0:06:38]} O-O {[%emt 0:14:58]} 19. exf5 {[%emt 0:05:20]} Nxd3+ {[%emt 0:17:22]} 20. Qxd3 {[%emt 0:00:15]} exf5 {[%emt 0:00:18]} 21. Qxf5 {[%emt 0:05:35]} Kh8 {[%emt 0:01:56]} 22. Qd3 {[%emt 0:02:37]} Rfe8 {[%emt 0:08:39]} 23. Ne2 {[%emt 0:08:10]} Qf3 {[%emt 0:11:59]} 24. Ng3 {[%emt 0:02:24]} Rec8 {[%emt 0:08:09]} 25. Kb1 {[%emt 0:03:18]} a5 {[%emt 0:05:15]} 26. Ne4 {[%emt 0:01:53]} Bxe4 {[%emt 0:01:17]} 27. Qxe4 {[%emt 0:00:04]} Qh5 {[%emt 0:03:02]} 28. Bxa5 {[%emt 0:01:54]} Qxh2 {[%emt 0:08:25]} 29. Rxd6 {[%emt 0:01:57]} Qh4 {[%emt 0:01:53]} 30. Bd8 {[%emt 0:02:46]} Qxe1+ {[%emt 0:01:10]} 31. Qxe1 {[%emt 0:00:02]} Rxd8 {[%emt 0:00:06]} 32. Rxf6 {[%emt 0:00:12]} b4 {[%emt 0:01:22]} 33. Rf7 {[%emt 0:01:01]} bxa3 {[%emt 0:00:15]} 34. bxa3 {[%emt 0:01:03]} Rxa3 {[%emt 0:00:47]} 35. Qe5 {[%emt 0:00:43]} Rg8 {[%emt 0:00:30]} 36. f5 {[%emt 0:00:17]} Raa8 {[%emt 0:00:30]} 37. f6 {[%emt 0:00:25]} 1-0

[Event "FIDE Womens World Cup 2021"]
[Site "Sochi"]
[Date "2021.07.12"]
[Round "1.35"]
[White "Majdan, Joanna"]
[Black "Gaponenko, Inna"]
[Result "0-1"]
[WhiteElo "2339"]
[BlackElo "2357"]
[Annotator "NA"]
[PlyCount "89"]
[EventDate "2021.07.12"]
[EventType "k.o."]
[EventCountry "RUS"]
[SourceTitle "playchess.com"]
[Source "ChessBase"]
[SourceQuality "1"]
[TimeControl "40/5400+30:1800+30"]

1. e4 {[%emt 0:00:03]} c5 {[%emt 0:00:07]} 2. Nf3 {[%emt 0:00:11]} e6 {[%emt 0:00:14]} 3. d4 {[%emt 0:00:10]} cxd4 {[%emt 0:00:08]} 4. Nxd4 {[%emt 0:00:09]} Nf6 {[%emt 0:00:32]} 5. Nc3 {[%emt 0:00:26]} d6 {[%emt 0:00:16]} 6. Bg5 {[%emt 0:03:51]} h6 {[%emt 0:02:37]} 7. Bh4 {[%emt 0:00:39]} Nc6 {[%emt 0:06:29]} 8. Qd3 {[%emt 0:09:51]} Qb6 {[%emt 0:38:48]} 9. Bxf6 $11 {[%emt 0:03:18]} gxf6 {[%emt 0:00:14]} 10. Nb3 {[%emt 0:00:12]} Bd7 {[%emt 0:18:44]} 11. f4 {[%emt 0:06:00]} O-O-O {[%emt 0:01:05]} 12. O-O-O {[%emt 0:06:55]} Kb8 {[%emt 0:14:34]} 13. Be2 {[%emt 0:03:10]} h5 {[%emt 0:00:34]} 14. Rhf1 {[%emt 0:08:21]} h4 {[%emt 0:03:15]} 15. Kb1 {[%emt 0:06:30]} Be7 {[%emt 0:00:12]} 16. f5 {[%emt 0:03:33]} Ne5 {[%emt 0:05:53]} 17. Qh3 {[%emt 0:00:27]} Bc8 {[%emt 0:01:35]} 18. Rf4 {[%emt 0:08:09]} d5 {[%emt 0:02:36]} 19. exd5 {[%emt 0:01:34]} exf5 {[%emt 0:00:01]} 20. Na4 {[%emt 0:09:13]} Qc7 {[%emt 0:01:16]} 21. Qe3 {[%emt 0:04:56]} Bd6 {[%emt 0:00:10]} 22. Rfd4 {[%emt 0:01:07]} Ng4 {[%emt 0:01:04]} 23. Qd2 {[%emt 0:02:45]} Nf2 {[%emt 0:00:18]} 24. Rf1 {[%emt 0:05:27]} Ne4 {[%emt 0:00:02]} 25. Qd1 {[%emt 0:01:05]} Bxh2 {[%emt 0:00:24]} 26. Bf3 {[%emt 0:02:39]} Be5 {[%emt 0:00:20]} 27. Bxe4 {[%emt 0:03:09]} Bxd4 {[%emt 0:01:12]} 28. Qxd4 {[%emt 0:00:24]} fxe4 {[%emt 0:00:05]} 29. Rxf6 {[%emt 0:01:56]} e3 {[%emt 0:00:41]} 30. Nc3 {[%emt 0:01:05]} a6 {[%emt 0:01:24]} 31. Qxe3 {[%emt 0:01:03]} Rde8 {[%emt 0:00:31]} 32. Qd2 {[%emt 0:02:06]} Qe7 {[%emt 0:00:14]} 33. Rf1 {[%emt 0:01:23]} Qe3 {[%emt 0:00:22]} 34. Qd1 {[%emt 0:00:04]} Qg3 {[%emt 0:00:39]} 35. d6 {[%emt 0:00:40]} Qxg2 {[%emt 0:00:20]} 36. Rxf7 {[%emt 0:02:12]} h3 {[%emt 0:00:17]} 37. d7 {[%emt 0:00:44]} Bxd7 {[%emt 0:00:08]} 38. Qd6+ {[%emt 0:01:21]} Ka8 {[%emt 0:00:46]} 39. Nd5 {[%emt 0:00:00]} Rc8 {[%emt 0:01:16]} 40. Nb6+ {[%emt 0:01:47]} Ka7 {[%emt 0:00:03]} 41. Nxc8+ {[%emt 0:30:35]} Rxc8 {[%emt 0:30:34]} 42. Qd4+ {[%emt 0:00:00]} Ka8 {[%emt 0:00:00]} 43. Rf2 {[%emt 0:00:00]} Qg1+ {[%emt 0:00:00]} 44. Nc1 {[%emt 0:00:00]} h2 {[%emt 0:00:00]} 45. Qd1 0-1

[Event "FIDE Womens World Cup 2021"]
[Site "Sochi"]
[Date "2021.07.12"]
[Round "1.36"]
[White "Injac, Teodora"]
[Black "Belenkaya, Dina"]
[Result "1-0"]
[WhiteElo "2370"]
[BlackElo "2341"]
[Annotator "NA"]
[PlyCount "155"]
[EventDate "2021.07.12"]
[EventType "k.o."]
[EventCountry "RUS"]
[SourceTitle "playchess.com"]
[Source "ChessBase"]
[SourceQuality "1"]
[TimeControl "40/5400+30:1800+30"]

1. d4 {[%emt 0:00:05]} Nf6 {[%emt 0:00:20]} 2. c4 {[%emt 0:00:37]} e6 {[%emt 0:00:25]} 3. Nf3 {[%emt 0:00:18]} Bb4+ {[%emt 0:00:16]} 4. Bd2 {[%emt 0:01:44]} a5 {[%emt 0:01:42]} 5. a3 {[%emt 0:02:11]} Bxd2+ {[%emt 0:02:01]} 6. Qxd2 {[%emt 0:00:05]} d6 {[%emt 0:02:03]} 7. Nc3 {[%emt 0:05:15]} Nc6 {[%emt 0:05:03]} 8. e4 {[%emt 0:17:09]} e5 {[%emt 0:07:24]} 9. dxe5 {[%emt 0:07:31]} dxe5 {[%emt 0:05:18]} 10. Qxd8+ {[%emt 0:01:53]} Kxd8 {[%emt 0:00:11]} 11. O-O-O+ {[%emt 0:02:37]} Bd7 {[%emt 0:00:19]} 12. c5 {[%emt 0:05:24]} Kc8 {[%emt 0:02:07]} 13. Bc4 {[%emt 0:23:40]} Be6 {[%emt 0:01:39]} 14. Bxe6+ {[%emt 0:04:27]} fxe6 {[%emt 0:00:02]} 15. Rd3 {[%emt 0:08:00]} a4 {[%emt 0:02:59]} 16. Rhd1 {[%emt 0:01:07]} Ra5 {[%emt 0:02:14]} 17. Kb1 {[%emt 0:01:24]} Rxc5 {[%emt 0:12:15]} 18. Ng5 {[%emt 0:02:03]} Rc4 {[%emt 0:21:33]} 19. Nxe6 {[%emt 0:00:35]} b6 {[%emt 0:13:07]} 20. f3 {[%emt 0:01:28]} Re8 {[%emt 0:05:48]} 21. Nxg7 {[%emt 0:00:51]} Rg8 {[%emt 0:00:19]} 22. Nf5 {[%emt 0:00:26]} Kb7 {[%emt 0:04:08]} 23. g3 {[%emt 0:04:12]} Rf8 {[%emt 0:02:36]} 24. g4 {[%emt 0:01:14]} Ka6 {[%emt 0:07:42]} 25. g5 {[%emt 0:01:54]} Ne8 {[%emt 0:00:12]} 26. Rd7 {[%emt 0:01:23]} Nd4 {[%emt 0:00:14]} 27. Nxd4 {[%emt 0:01:09]} exd4 {[%emt 0:00:05]} 28. R1xd4 {[%emt 0:00:21]} Rxd4 {[%emt 0:00:16]} 29. Rxd4 {[%emt 0:00:01]} Rxf3 {[%emt 0:00:13]} 30. Rd7 {[%emt 0:00:57]} Rf1+ {[%emt 0:02:06]} 31. Ka2 {[%emt 0:00:54]} Nd6 {[%emt 0:00:30]} 32. Rxc7 {[%emt 0:01:16]} Nf7 {[%emt 0:00:24]} 33. h4 {[%emt 0:00:44]} b5 {[%emt 0:00:01]} 34. Rc6+ {[%emt 0:00:24]} Kb7 {[%emt 0:00:02]} 35. Re6 {[%emt 0:02:48]} Nd8 {[%emt 0:01:44]} 36. Re5 {[%emt 0:00:29]} Rh1 {[%emt 0:00:38]} 37. Rxb5+ {[%emt 0:00:18]} Kc6 {[%emt 0:00:01]} 38. Rd5 {[%emt 0:00:58]} Ne6 {[%emt 0:00:03]} 39. Nxa4 {[%emt 0:01:23]} Rxh4 {[%emt 0:00:03]} 40. Nc3 {[%emt 0:00:30]} Rg4 {[%emt 0:00:09]} 41. e5 {[%emt 0:30:35]} Nxg5 {[%emt 0:30:33]} 42. Rd6+ {[%emt 0:00:06]} Kc5 {[%emt 0:01:41]} 43. Rh6 {[%emt 0:00:28]} Rg3 {[%emt 0:00:00]} 44. Rxh7 {[%emt 0:00:00]} Re3 {[%emt 0:00:00]} 45. Rh5 {[%emt 0:00:00]} Ne6 {[%emt 0:00:00]} 46. Rh4 {[%emt 0:00:00]} Rxe5 {[%emt 0:00:00]} 47. Re4 {[%emt 0:00:00]} Rxe4 {[%emt 0:00:00]} 48. Nxe4+ {[%emt 0:00:00]} Kd4 {[%emt 0:00:00]} 49. Nd2 {[%emt 0:00:00]} Kd3 {[%emt 0:00:00]} 50. Nb3 {[%emt 0:00:00]} Kc4 {[%emt 0:00:00]} 51. Nd2+ {[%emt 0:00:00]} Kd3 {[%emt 0:00:00]} 52. Nf3 {[%emt 0:00:50]} Kc4 {[%emt 0:00:00]} 53. b3+ {[%emt 0:02:56]} Kc3 {[%emt 0:00:00]} 54. b4 {[%emt 0:00:48]} Nc7 {[%emt 0:00:23]} 55. Ne5 {[%emt 0:01:00]} Nd5 {[%emt 0:03:11]} 56. Nc6 {[%emt 0:00:02]} Kc4 {[%emt 0:00:22]} 57. Kb2 {[%emt 0:00:19]} Kb5 {[%emt 0:00:52]} 58. Nd4+ {[%emt 0:00:09]} Ka4 {[%emt 0:01:45]} 59. Nc2 {[%emt 0:00:20]} Nc7 {[%emt 0:01:23]} 60. Kc3 {[%emt 0:00:22]} Nb5+ {[%emt 0:00:16]} 61. Kc4 {[%emt 0:01:06]} Nd6+ {[%emt 0:00:03]} 62. Kd5 {[%emt 0:01:42]} Nb5 {[%emt 0:00:19]} 63. Kc5 {[%emt 0:00:06]} Nc3 {[%emt 0:00:20]} 64. Nd4 {[%emt 0:00:36]} Ne4+ {[%emt 0:01:03]} 65. Kc6 {[%emt 0:00:33]} Kxa3 {[%emt 0:01:49]} 66. b5 {[%emt 0:00:04]} Kb4 {[%emt 0:00:10]} 67. b6 {[%emt 0:00:50]} Nc5 {[%emt 0:00:20]} 68. Nc2+ {[%emt 0:00:59]} Kc4 {[%emt 0:00:04]} 69. Ne3+ {[%emt 0:00:19]} Kb4 {[%emt 0:00:47]} 70. Nd5+ {[%emt 0:00:41]} Kc4 {[%emt 0:00:06]} 71. Ne7 {[%emt 0:00:28]} Kb4 {[%emt 0:01:03]} 72. Nc8 {[%emt 0:00:28]} Kc4 {[%emt 0:00:37]} 73. Nd6+ {[%emt 0:00:14]} Kb4 {[%emt 0:00:12]} 74. Ne4 {[%emt 0:00:55]} Ne6 {[%emt 0:00:49]} 75. Kd7 {[%emt 0:00:12]} Nf8+ {[%emt 0:01:08]} 76. Ke7 {[%emt 0:00:30]} Ng6+ {[%emt 0:00:05]} 77. Kd6 {[%emt 0:00:18]} Ka5 {[%emt 0:00:50]} 78. b7 {[%emt 0:00:04]} 1-0

[Event "FIDE Womens World Cup 2021"]
[Site "Sochi"]
[Date "2021.07.12"]
[Round "1.37"]
[White "Tokhirjonova, Gulrukhbegim"]
[Black "Lujan, Carolina"]
[Result "1-0"]
[WhiteElo "2320"]
[BlackElo "2346"]
[Annotator "NA"]
[PlyCount "129"]
[EventDate "2021.07.12"]
[EventType "k.o."]
[EventCountry "RUS"]
[SourceTitle "playchess.com"]
[Source "ChessBase"]
[SourceQuality "1"]
[TimeControl "40/5400+30:1800+30"]

1. e4 {[%emt 0:00:22]} c5 {[%emt 0:00:18]} 2. Nc3 {[%emt 0:00:39]} Nc6 {[%emt 0:01:11]} 3. Nf3 {[%emt 0:00:52]} e5 {[%emt 0:04:50]} 4. Bc4 {[%emt 0:01:24]} Be7 {[%emt 0:00:25]} 5. d3 {[%emt 0:00:42]} Nf6 {[%emt 0:07:06]} 6. Ng5 {[%emt 0:04:08]} O-O {[%emt 0:00:23]} 7. h4 {[%emt 0:01:42]} Nb4 {[%emt 0:34:51]} 8. a3 {[%emt 0:06:52]} d5 {[%emt 0:02:19]} 9. Bb3 {[%emt 0:01:20]} c4 {[%emt 0:06:06]} 10. dxc4 {[%emt 0:04:02]} dxc4 {[%emt 0:03:38]} 11. Bxc4 {[%emt 0:11:14]} Qxd1+ {[%emt 0:04:53]} 12. Kxd1 {[%emt 0:00:14]} Ng4 {[%emt 0:08:43]} 13. Rf1 {[%emt 0:09:42]} Nc6 {[%emt 0:03:40]} 14. Nd5 {[%emt 0:07:13]} h6 {[%emt 0:05:19]} 15. Nxe7+ {[%emt 0:14:23]} Nxe7 {[%emt 0:00:05]} 16. Nf3 {[%emt 0:00:11]} Kh8 {[%emt 0:01:29]} 17. Bd2 {[%emt 0:06:08]} f5 {[%emt 0:02:49]} 18. Bb4 {[%emt 0:09:12]} Rd8+ {[%emt 0:02:01]} 19. Nd2 {[%emt 0:10:16]} Nc6 {[%emt 0:01:41]} 20. Bd3 {[%emt 0:03:42]} Nh2 {[%emt 0:04:44]} 21. Rh1 {[%emt 0:00:16]} Ng4 {[%emt 0:00:03]} 22. Ke1 {[%emt 0:01:20]} f4 {[%emt 0:01:45]} 23. Bc3 {[%emt 0:01:41]} Be6 {[%emt 0:01:13]} 24. Ke2 {[%emt 0:01:35]} Nd4+ {[%emt 0:00:59]} 25. Bxd4 {[%emt 0:00:32]} Rxd4 {[%emt 0:00:02]} 26. Rag1 {[%emt 0:01:09]} Rc8 {[%emt 0:01:26]} 27. g3 {[%emt 0:01:54]} fxg3 {[%emt 0:00:49]} 28. Rxg3 {[%emt 0:00:03]} Rf8 {[%emt 0:01:02]} 29. Rf1 {[%emt 0:01:20]} Rd7 {[%emt 0:00:26]} 30. f3 {[%emt 0:00:42]} Nf6 {[%emt 0:00:12]} 31. Bb5 {[%emt 0:00:29]} Nh5 {[%emt 0:00:51]} 32. Rgg1 {[%emt 0:00:12]} Nf4+ {[%emt 0:00:11]} 33. Ke3 {[%emt 0:00:07]} Rc7 {[%emt 0:00:14]} 34. Rc1 {[%emt 0:00:50]} Rfc8 {[%emt 0:00:18]} 35. c3 {[%emt 0:00:47]} a6 {[%emt 0:00:17]} 36. Be2 {[%emt 0:00:25]} Rd8 {[%emt 0:01:29]} 37. Rcd1 {[%emt 0:00:39]} Rcd7 {[%emt 0:00:22]} 38. a4 {[%emt 0:00:31]} Kh7 {[%emt 0:00:38]} 39. a5 {[%emt 0:00:31]} Rc8 {[%emt 0:00:14]} 40. Ra1 {[%emt 0:00:34]} Rcd8 {[%emt 0:00:21]} 41. Rad1 {[%emt 0:02:16]} Rc8 {[%emt 0:08:57]} 42. Nb1 {[%emt 0:09:54]} Rxd1 {[%emt 0:07:44]} 43. Rxd1 {[%emt 0:03:30]} Rc5 {[%emt 0:02:15]} 44. b4 {[%emt 0:01:17]} Rc7 {[%emt 0:00:09]} 45. Rc1 {[%emt 0:00:49]} Ng2+ {[%emt 0:04:36]} 46. Kf2 {[%emt 0:00:36]} Nxh4 {[%emt 0:00:03]} 47. c4 {[%emt 0:00:16]} Ng6 {[%emt 0:00:42]} 48. Bf1 {[%emt 0:03:52]} Nf4 {[%emt 0:02:57]} 49. c5 {[%emt 0:03:28]} Bd7 {[%emt 0:07:12]} 50. Na3 {[%emt 0:00:46]} Kg6 {[%emt 0:00:30]} 51. Nc4 {[%emt 0:00:44]} Kf6 {[%emt 0:00:14]} 52. Rd1 {[%emt 0:00:14]} Bb5 {[%emt 0:00:33]} 53. Rd6+ {[%emt 0:01:48]} Ne6 {[%emt 0:00:27]} 54. Nb6 {[%emt 0:01:34]} Rc6 {[%emt 0:00:29]} 55. Nd7+ {[%emt 0:01:15]} Kg5 {[%emt 0:00:52]} 56. Bxb5 {[%emt 0:00:51]} Rxd6 {[%emt 0:00:41]} 57. cxd6 {[%emt 0:00:01]} axb5 {[%emt 0:00:08]} 58. Nxe5 {[%emt 0:00:13]} Nd8 {[%emt 0:00:38]} 59. Nd3 {[%emt 0:00:18]} Kf6 {[%emt 0:00:30]} 60. Nc5 {[%emt 0:02:19]} Nc6 {[%emt 0:00:13]} 61. Nxb7 {[%emt 0:00:43]} Ke6 {[%emt 0:00:03]} 62. a6 {[%emt 0:00:20]} Kd7 {[%emt 0:00:38]} 63. e5 {[%emt 0:00:47]} g5 {[%emt 0:00:21]} 64. Nc5+ {[%emt 0:00:34]} Kc8 {[%emt 0:00:07]} 65. e6 {[%emt 0:00:07]} 1-0

[Event "FIDE Womens World Cup 2021"]
[Site "Sochi"]
[Date "2021.07.15"]
[Round "2.1"]
[White "Lagno, Kateryna"]
[Black "Injac, Teodora"]
[Result "1/2-1/2"]
[WhiteElo "2559"]
[BlackElo "2370"]
[Annotator "TA"]
[PlyCount "51"]
[EventDate "2021.07.12"]
[EventType "k.o."]
[EventCountry "RUS"]
[SourceTitle "playchess.com"]
[Source "ChessBase"]
[SourceQuality "1"]

{[%evp 12,51,-7,-6,6,2,18,0,0,0,0,0,0,0,0,-16,0,1,17,14,19,-7,19,0,0,-19,0,-28,-28,-28,-28,-28,-28,-28,-28,-28,0,-28,0,-28,0,-28]} 1. e4 e5 2. Nf3 Nc6 3. Bb5 Nf6 4. O-O Nxe4 5. d4 Nd6 6. dxe5 Nxb5 7. a4 {[#]} Nbd4 {C67: Ruy Lopez: Berlin Defence: 4 0-0 Nxe4.} 8. Nxd4 d5 9. c3 Be7 10. f4 O-O 11. Be3 f6 12. Nxc6 bxc6 13. Nd2 {[%cal Bb1d2,Bd2b3,Bb3c5][%mdl 32] [#]} Bf5 $146 ({Predecessor:} 13... Ba6 14. Rf3 fxe5 15. fxe5 Qd7 16. Nb3 Rxf3 17. Qxf3 Rf8 18. Qg3 Qf5 19. h3 Qc2 {1-0 (42) Dubov,D (2702)-Giri,A (2764) chess24.com INT 2020}) 14. Nb3 fxe5 15. fxe5 Qe8 16. Nc5 Qg6 17. Qe1 a5 18. b4 h5 19. Qg3 Qxg3 20. hxg3 g6 21. Rf2 Rfe8 22. Re2 Bg4 23. Ree1 Bf5 24. Re2 $1 Bg4 25. Ree1 Bf5 26. Re2 $1 {An uneventful encounter.  Weighted Error Value: White=0.06/Black=0.09} 1/2-1/2